LEADER 01081nam0 2200337 450 001 000021332 005 20180913105102.0 100 $a20090112g19451956km-y0itay50------ba 101 0 $aita 102 $aIT 105 $ay-------001yy 200 1 $aPrincipii di scienza economica$fMarco Fanno 205 $a3. ed. 210 $aPadova$cCedam$d1945-1956 215 $a2 v.$d25 cm 300 $aIn testa al front.: Istituto di scienze economiche della R. Università di Padova 327 0 $a1.: Prime nozioni fondamentali 451 0$1001000021316 451 0$1001000021321 451 0$1001000021331 500 10$aPrincipii di scienza economica$948174 610 1 $aEconomia 676 $a330$v19$9Scienze economiche 676 $a330.01$v19$9Scienze economiche. Filosofia e teoria 676 $a330.01$v20$9Economia. Filosofia e teoria 700 1$aFanno,$bMarco$0103336 801 0$aIT$bUNIPARTHENOPE$c20090112$gRICA$2UNIMARC 912 $a000021332 951 $a330.1/156[1](2)$b6975$cNAVA4 996 $aPrincipii di scienza economica$948174 997 $aUNIPARTHENOPE LEADER 01010nam0-22002771i-450 001 990005779890403321 005 20231106132923.0 035 $a000577989 035 $aFED01000577989 035 $a(Aleph)000577989FED01 035 $a000577989 100 $a19990530d1934----km-y0itay50------ba 101 0 $ager 105 $aaf------00--- 200 1 $aArchäologische Funde in Italien, Tripolitanien, der Kyrenaika und Albanien von oktober 1933 bis oktober 1934$eItalien$fOtto Brendel 210 $aBerlin$cWalter de Gruyter & Co.$d[1934] 215 $aCol. 421-498, 1 tav. rip.$cill.$d27 cm 300 $aEstratto da: Archäologischer Anzeiger 700 1$aBrendel,$bOtto$f<1901-1973>$0206791 801 0$aIT$bUNINA$gRICA$2UNIMARC 901 $aBK 912 $a990005779890403321 952 $aARCH. BM MISC. 077 (12)$bARCH. 14516$fFLFBC 959 $aFLFBC 996 $aArchäologische Funde in Italien, Tripolitanien, der Kyrenaika und Albanien von oktober 1933 bis oktober 1934$9569973 997 $aUNINA LEADER 04574nam 22005775 450 001 9910349558303321 005 20251116221020.0 010 $a3-030-15273-1 024 7 $a10.1007/978-3-030-15273-4 035 $a(CKB)4100000008785933 035 $a(MiAaPQ)EBC5843048 035 $a(DE-He213)978-3-030-15273-4 035 $a(PPN)238491250 035 $a(EXLCZ)994100000008785933 100 $a20190729d2019 u| 0 101 0 $aeng 135 $aurcnu|||||||| 181 $ctxt$2rdacontent 182 $cc$2rdamedia 183 $acr$2rdacarrier 200 10$aAdvanced Techniques in Minimally Invasive and Robotic Colorectal Surgery /$fedited by Ovunc Bardakcioglu 205 $a2nd ed. 2019. 210 1$aCham :$cSpringer International Publishing :$cImprint: Springer,$d2019. 215 $a1 online resource (xiv, 162 pages) $cillustrations 300 $aIncludes index. 311 08$a3-030-15272-3 327 $aLaparoscopic-Assisted Polypectomy -- Endoscopic Submucosal Dissection -- Fluorescence in Colorectal Surgery -- History and Future of Robotic Colorectal Surgery -- Teaching Robotic Colorectal Surgery -- Robotic Right Hemicolectomy with Intracorporeal Anastomosis -- Left-sided colorectal resection with Natural orifice IntraCorporeal anastomosis with Extraction: the NICE procedure -- Robotic Total Mesocolic Excision -- Robotic Hartmann`s Reversal -- Robotic Ventral Mesh Rectopexy -- Robotic Total Colectomy -- Robotic Proctectomy and Ileoanal Pouch Creation -- Robotic abdominoperineal resection, cylindrical and selective cylindrical approach -- Robotic Rectus Muscle Flap For Reconstruction in the Pelvis -- History and Future of Transanal Minimally Invasive Surgery -- Robotic Transanal Minimally Invasive Surgery (TAMIS) -- Transanal Total Mesorectal Excision, Single Surgeon Approach -- Transanal Total Mesorectal Excision for Inflammatory Bowel Disease, Cecil approach. 330 $aThe first edition laid out the foundation with laparoscopic and robotic surgery utilizing the Da Vinci SI platform. Since then, many new advances in equipment and surgical techniques are becoming more popular. This second edition expands upon laparoscopic and endoscopic techniques and robotic surgery with the use of the new Da Vinci XI platform. This book bridges the gap between the practicing community of surgeons and the surgical innovators and provides a foundation for all classic and new techniques in minimally invasive colorectal surgery. By enhancing the surgical toolbox, the surgeon is able to progress from the novice to the master. Rather than describing the entire operative procedure by an individual author, this book compares operative steps of various technical difficulties throughout different chapters, thereby allowing the surgeon to tailor surgery to patient and surgeon`s own comfort level and experience. Chapters are written by a myriad of renowned experts in the field and discuss the major advances in advanced laparoscopic and endoscopic, robotic, and transanal minimally invasive surgical techniques. Great emphasis is placed on transanal total mesorectal excision (TaTME), which is dramatically changing the surgical approach to rectal resections. The second edition of Advanced Techniques in Minimally Invasive and Robotic Colorectal Surgery serves as a valuable resource to general surgeons, colon and rectal surgeons, minimally invasive surgeons, as well as residents and fellows. 606 $aRectum?Surgery  606 $aMinimally invasive surgery 606 $aSurgery 606 $aUrology 606 $aColorectal Surgery$3https://scigraph.springernature.com/ontologies/product-market-codes/H59036 606 $aMinimally Invasive Surgery$3https://scigraph.springernature.com/ontologies/product-market-codes/H59052 606 $aGeneral Surgery$3https://scigraph.springernature.com/ontologies/product-market-codes/H59044 606 $aUrology$3https://scigraph.springernature.com/ontologies/product-market-codes/H62002 615 0$aRectum?Surgery . 615 0$aMinimally invasive surgery. 615 0$aSurgery. 615 0$aUrology. 615 14$aColorectal Surgery. 615 24$aMinimally Invasive Surgery. 615 24$aGeneral Surgery. 615 24$aUrology. 676 $a617.555 676 $a617.5547059 702 $aBardakcioglu$b Ovunc$4edt$4http://id.loc.gov/vocabulary/relators/edt 906 $aBOOK 912 $a9910349558303321 996 $aAdvanced Techniques in Minimally Invasive and Robotic Colorectal Surgery$91734663 997 $aUNINA